Modern Control system theory (Record no. 5116)

MARC details
000 -LEADER
fixed length control field 00393nam a22001697a 4500
005 - DATE AND TIME OF LATEST TRANSACTION
control field 20190518165212.0
008 - FIXED-LENGTH DATA ELEMENTS--GENERAL INFORMATION
fixed length control field 160701b xxu||||| |||| 00| 0 eng d
020 ## - INTERNATIONAL STANDARD BOOK NUMBER
ISBN 978-81-224-3638
041 ## - LANGUAGE CODE
Language code of text/sound track or separate title eng
082 ## - DEWEY DECIMAL CLASSIFICATION NUMBER
Item number 20716
100 ## - MAIN ENTRY--AUTHOR NAME
Personal name Gopal M
245 ## - TITLE STATEMENT
Title Modern Control system theory
260 ## - PUBLICATION, DISTRIBUTION, ETC. (IMPRINT)
Name of publisher new age
Year of publication 2015
300 ## - PHYSICAL DESCRIPTION
Number of Pages 557
650 ## - SUBJECT ADDED ENTRY--TOPICAL TERM
Topical Term Diploma Engineering
942 ## - ADDED ENTRY ELEMENTS (KOHA)
Koha item type Books
Holdings
Lost status Damaged status Collection code Home library Current library Shelving location Date acquired Cost, normal purchase price Full call number Accession Number Koha item type
    Reference JRU Library   SHELF -72- F 01/07/2016 375.00 20716 20716 Books
      JRU Library   SHELF-39-K 01/07/2016 375.00 20716 20717 Books
      JRU Library   SHELF-39-K 01/07/2016 375.00 20716 20718 Books
      JRU Library   SHELF-39-K 01/07/2016 375.00 20716 20719 Books
      JRU Library   SHELF-39-K 01/07/2016 375.00 20716 20720 Books
      JRU Library   SHELF-39-K 01/07/2016 375.00 20716 20721 Books
      JRU Library     01/07/2016 375.00 20716 20722 Books
      JRU Library   SHELF-39-K 01/07/2016 375.00 20716 20723 Books
      JRU Library   SHELF-39-K 01/07/2016 375.00 20716 20724 Books
      JRU Library   SHELF-39-K 01/07/2016 375.00 20716 20725 Books